| 000 | 00818nam a22002657a 4500 | ||
|---|---|---|---|
| 003 | DO-SdBNP | ||
| 005 | 20231031095038.0 | ||
| 008 | 171102b1998 sp 00| 0 spa d | ||
| 020 | _a8488242107 | ||
| 040 |
_aBPMSU _bspa _cBPMSU |
||
| 082 | 4 |
_a133.4 _bC346c 1998 _222 |
|
| 100 | 1 |
_aCastaneda, Carlos _d1935-1998. |
|
| 245 | 1 | 3 |
_aEl conocimiento silencioso / _cCarlos Castaneda |
| 250 | _a4a. ed. | ||
| 260 |
_aMadrid : _bGaia Ediciones , _c1998. |
||
| 300 |
_a301 p. ; _c22 cm. |
||
| 490 | 0 | _aNagual | |
| 534 |
_aTítulo original. _tThe power of silence. 600 17$aMatus, Juan, $d1881- $2BLAAUTO |
||
| 590 | _aInventariado, 2023/VM | ||
| 600 | 1 | 4 |
_aMatus, Juan, _d1881- |
| 650 | 4 | _aTeoría del conocimiento. | |
| 650 | 4 |
_a Brujería _zMexico |
|
| 910 | _a VMateo V. Control de calidad. BPMSU | ||
| 942 |
_2ddc _cBK |
||
| 999 |
_c12752 _d12752 |
||